38愛媛県の市町村 - Statistics

General Stats
  • This quiz has been taken 60 times
    55 since last reset
  • The average score is 11 of 20
Answer Stats
Answer % Correct
松山市
100%
今治市
100%
新居浜市
97%
四国中央市
97%
西条市
89%
伊予市
83%
宇和島市
80%
八幡浜市
69%
西予市
63%
大洲市
57%
東温市
57%
伊予郡松前町
37%
上浮穴郡久万高原町
31%
伊予郡砥部町
31%
南宇和郡愛南町
31%
北宇和郡鬼北町
29%
越智郡上島町
26%
喜多郡内子町
26%
西宇和郡伊方町
26%
北宇和郡松野町
17%
No matching quizzes found
Score Distribution
Percent of People with Each Score
Percentile by Number Answered
Your Score History
You have not taken this quiz since the last reset